书目信息 |
| 题名: |
比较法学文萃
|
|
| 作者: | 米健 主编 | |
| 分册: | 第二辑 | |
| 出版信息: | 北京 中国政法大学出版社 2006.07 |
|
| 页数: | 889页 | |
| 开本: | 25cm | |
| 丛书名: | ||
| 单 册: | ||
| 中图分类: | D908-53 | |
| 科图分类: | ||
| 主题词: | 比较法学--bi jiao fa xue--文集 | |
| 电子资源: | ||
| ISBN: | 7-5620-2895-8 | |
| 000 | 00749nam0 2200229 450 | |
| 001 | 012007455127 | |
| 005 | 20070509105226.29 | |
| 010 | @a7-5620-2895-8@dCNY68.00 | |
| 100 | @a20070405d2006 km y0chiy0120 ea | |
| 101 | 0 | @achi |
| 102 | @aCN@b110000 | |
| 105 | @ay a 000yy | |
| 200 | 1 | @a比较法学文萃@Abi jiao fa xue wen cui@h第二辑@f米健主编@Fmi jian zhu bian |
| 210 | @a北京@c中国政法大学出版社@d2006.07 | |
| 215 | @a889页@d25cm | |
| 320 | @a有书目。 | |
| 330 | @a本书收学术论文共60篇,分为法理学与比较法学、宪法学与行政法学、法史学、民商法学、刑事法学等七部分。是大学类的好书。 | |
| 606 | 0 | @a比较法学@Abi jiao fa xue@j文集 |
| 690 | @aD908-53@v4 | |
| 701 | 0 | @a米健@Ami jian@4主编 |
| 801 | 0 | @aCN@c20070509 |
| 905 | @a10447@dD908-53@eM660 | |
| 比较法学文萃.第二辑/米健主编.-北京:中国政法大学出版社,2006.07 |
| 889页;25cm |
| ISBN 7-5620-2895-8:CNY68.00 |
| 本书收学术论文共60篇,分为法理学与比较法学、宪法学与行政法学、法史学、民商法学、刑事法学等七部分。是大学类的好书。 |
| ● |
| 相关链接 |
|
|
|
正题名:比较法学文萃
索取号:D908-53/M660
 
预约/预借
| 序号 | 登录号 | 条形码 | 馆藏地/架位号 | 状态 | 备注 |
| 1 | 239656 | 202396567 | 社科库509/509社科库 80排6列1层/ [索取号:D908-53/M660] | 在馆 |